00357 a2200133 450000100060000002000180000604000370002410000310006124000480009224500430014030000070018336200090019065000240019972899 a9788535625721 cAnchieta - Colégio São Paulo aRocha, Fabiana Guimarães10aO Senhor do Tempo e outras históriaslpor10aO Senhor do Tempo e outras histórias a220 a2010 4aLiteratura infantil